<?xml version="1.0" encoding="UTF-8"?>
<record
    xmlns:xsi="http://www.w3.org/2001/XMLSchema-instance"
    xsi:schemaLocation="http://www.loc.gov/MARC21/slim http://www.loc.gov/standards/marcxml/schema/MARC21slim.xsd"
    xmlns="http://www.loc.gov/MARC21/slim">

  <leader>     nam a22     7a 4500</leader>
  <datafield tag="999" ind1=" " ind2=" ">
    <subfield code="c">336745</subfield>
    <subfield code="d">336745</subfield>
  </datafield>
  <controlfield tag="003">IT-MiCISF</controlfield>
  <controlfield tag="005">20170703154524.0</controlfield>
  <controlfield tag="008">170703b        xxu||||| |||| 00| 0 eng d</controlfield>
  <datafield tag="040" ind1=" " ind2=" ">
    <subfield code="a">IT-MiCISF</subfield>
    <subfield code="c">IT-MiCISF</subfield>
  </datafield>
  <datafield tag="100" ind1=" " ind2=" ">
    <subfield code="a">Mlcoch Lubomir</subfield>
    <subfield code="9">56481</subfield>
  </datafield>
  <datafield tag="245" ind1=" " ind2=" ">
    <subfield code="a">Family Economics</subfield>
    <subfield code="b">Come la famiglia pu&#xF2; salvare il cuore dell'economia</subfield>
  </datafield>
  <datafield tag="260" ind1=" " ind2=" ">
    <subfield code="a">Cinisello B. (MI)</subfield>
    <subfield code="b">San Paolo</subfield>
    <subfield code="c">2017</subfield>
  </datafield>
  <datafield tag="300" ind1=" " ind2=" ">
    <subfield code="a">pp. 315</subfield>
  </datafield>
  <datafield tag="500" ind1=" " ind2=" ">
    <subfield code="a">famiglia, societ&#xE0;, economia, teoria</subfield>
  </datafield>
  <datafield tag="520" ind1=" " ind2=" ">
    <subfield code="a">La famiglia &#xE8; ormai da lungo tempo messa alla prova dal mercato, che la considera soltanto come un luogo di consumo, e dallo Stato che, in diversi modi, tenta spesso di espropriare le sue funzioni o di regolarne le dinamiche interne. L&#x2019;autore di questo volume con estremo rigore teorico e con una lettura storica di lungo periodo, dimostra come la famiglia interpretata nella sola chiave economicistica, come &#x201C;societ&#xE0; a responsabilit&#xE0; limitata&#x201D;, con tutte le altre funzioni (fedelt&#xE0;, procreazione) relegate in un&#x2019;ottica di mercato, ha un inevitabile destino, sia a livello teorico che pratico: la progressiva disintegrazione. Essa va quindi difesa e restituita al suo ruolo di motore di sviluppo, capace di dare fiducia alle nuove generazioni e un futuro agli stati.</subfield>
  </datafield>
  <datafield tag="650" ind1=" " ind2=" ">
    <subfield code="a">famiglia</subfield>
    <subfield code="9">56036</subfield>
  </datafield>
  <datafield tag="654" ind1=" " ind2=" ">
    <subfield code="a">saggio</subfield>
  </datafield>
  <datafield tag="942" ind1=" " ind2=" ">
    <subfield code="2">ddc</subfield>
    <subfield code="c">BK</subfield>
  </datafield>
  <datafield tag="952" ind1=" " ind2=" ">
    <subfield code="0">0</subfield>
    <subfield code="1">0</subfield>
    <subfield code="2">ddc</subfield>
    <subfield code="4">0</subfield>
    <subfield code="6">A_2234_000000000000000</subfield>
    <subfield code="7">1</subfield>
    <subfield code="a">CISF</subfield>
    <subfield code="b">CISF</subfield>
    <subfield code="d">2017-07-03</subfield>
    <subfield code="l">0</subfield>
    <subfield code="o">a2234</subfield>
    <subfield code="p">9788892211247</subfield>
    <subfield code="r">2017-07-03 00:00:00</subfield>
    <subfield code="w">2017-07-03</subfield>
    <subfield code="y">BK</subfield>
  </datafield>
</record>
